Countries who Colonized the Americas - Statistics

General Stats
  • This quiz has been taken 877 times
    817 since last reset
  • The average score is 7 of 9
Answer Stats
Countries % Correct
Spain
99%
France
97%
Portugal
97%
Netherlands
90%
England
84%
Russia
74%
Sweden
73%
Denmark
70%
Norway
63%
No matching quizzes found
Score Distribution
Percent of People with Each Score
Percentile by Number Answered
Your Score History
You have not taken this quiz since the last reset